| 000 | 01048cam a22002054a 4500 | ||
|---|---|---|---|
| 005 | 20250605163922.0 | ||
| 008 | 250528s ||||||||||||||||||||||||d | ||
| 035 | _a14437 | ||
| 020 | _a30866987 | ||
| 040 |
_aGR-AtMCL _bgre _dGR-AtMCL _eAACR2 |
||
| 245 | 1 | _aInternational Business Management / A Guide to Decision Making | |
| 260 |
_bDryden Press, _c1973 |
||
| 300 | _a690 | ||
| 505 | 0 | _aIntroduction, Nationalism and World Welfare and the Nature of International Business, Sales Strategy, Supply Strategy, Labor Strategy, Management Strategy, Ownership Strategy, Financial Strategy, Legal Strategy, Control Strategy, Public Policy Implications, Glossary, Index. | |
| 520 | _aIntroduction, Nationalism and World Welfare and the Nature of International Business, Sales Strategy, Supply Strategy, Labor Strategy, Management Strategy, Ownership Strategy, Financial Strategy, Legal Strategy, Control Strategy, Public Policy Implications, Glossary, Index. | ||
| 700 | 1 |
_aRobinson Richard D _995 |
|
| 942 | _cBK | ||
| 999 |
_c70 _d70 |
||